000
00294nam a22001337a 4500
008
180903b xxu||||| |||| 00| 0 eng d
020
_a
9781439808498
041
_a
eng
080
_a
521
100
_a
42
101
_a
AST
245
_a
From Atoms To Galaxies
_c
Hassani,S
942
_2
udc
_c
BK
999
_c
47472
_d
47472